header

iPodpedia : (Record no. 255414)

MARC details
000 -LEADER
fixed length control field 01760cam a2200325 a 4500
001 - CONTROL NUMBER
control field 14761193
003 - CONTROL NUMBER IDENTIFIER
control field OSt
005 - DATE AND TIME OF LATEST TRANSACTION
control field 20170208115529.0
008 - FIXED-LENGTH DATA ELEMENTS--GENERAL INFORMATION
fixed length control field 070307s2007 inua b 001 0 eng
010 ## - LIBRARY OF CONGRESS CONTROL NUMBER
LC control number 2007009617
020 ## - INTERNATIONAL STANDARD BOOK NUMBER
International Standard Book Number 0789736748
International Standard Book Number 9780789736741
035 ## - SYSTEM CONTROL NUMBER
System control number (OCoLC)ocm85822675
System control number (OCoLC)85822675
040 ## - CATALOGING SOURCE
Original cataloging agency DLC
Transcribing agency DLC
Modifying agency BAKER
-- BTCTA
-- C#P
-- YDXCP
-- DLC
050 00 - LIBRARY OF CONGRESS CALL NUMBER
Classification number ML74.4.I48
Item number M55 2007
082 00 - DEWEY DECIMAL CLASSIFICATION NUMBER
Classification number 006.5
Edition number 22
100 1# - MAIN ENTRY--PERSONAL NAME
Personal name Miller, Michael,
Dates associated with a name 1958-
245 10 - TITLE STATEMENT
Title iPodpedia :
Remainder of title the ultimate iPod and iTunes resource /
Statement of responsibility, etc Michael Miller.
246 3# - VARYING FORM OF TITLE
Title proper/short title iPod-pedia
260 ## - PUBLICATION, DISTRIBUTION, ETC. (IMPRINT)
Place of publication, distribution, etc Indianapolis, Ind. :
Name of publisher, distributor, etc Que,
Date of publication, distribution, etc c2007.
300 ## - PHYSICAL DESCRIPTION
Extent xxv, 500 p. :
Other physical details ill. ;
Dimensions 23 cm.
504 ## - BIBLIOGRAPHY, ETC. NOTE
Bibliography, etc Includes bibliographical references (p. [461]-462) and index.
505 0# - FORMATTED CONTENTS NOTE
Formatted contents note Background. The history ; The iPod family ; The iPhone -- Operation. Using the iPod ; Using the iTunes software ; Using the iTunes store -- Applications. Music ; Podcasts ; Audiobooks ; Photos ; Videos ; Games -- Special uses. Using your iPod in the living room ; Using your iPod in the car ; Using your iPod as a portable storage device ; Using your iPod to record audio and podcasts ; Using your iPod for running and exercise ; Using your iPod as a calendar/scheduler ; Using iTunes to manage your music purchases -- Secrets. iPod tips and tricks ; iPod hacks -- Support. iPod accessories ; Third-party software ; iPod troubleshooting.
650 #0 - SUBJECT ADDED ENTRY--TOPICAL TERM
Topical term or geographic name as entry element iPod (Digital music player)
856 41 - ELECTRONIC LOCATION AND ACCESS
Materials specified Table of contents only
Uniform Resource Identifier <a href="http://www.loc.gov/catdir/toc/ecip0712/2007009617.html">http://www.loc.gov/catdir/toc/ecip0712/2007009617.html</a>
906 ## - LOCAL DATA ELEMENT F, LDF (RLIN)
a 7
b cbc
c orignew
d 1
e ecip
f 20
g y-gencatlg
942 ## - ADDED ENTRY ELEMENTS (KOHA)
Source of classification or shelving scheme Library of Congress Classification
Koha item type Long Loan Books

No items available.

© 2026 Rongo University
Contact us: librarian | system librarian | Rongo university